1425 1918 1057 1951 1515 1826 1098 1527 2000 1121 1650 1454 1860 1532 1471 1760 1926 1994 1518 1854 1656 1025 1779 1532 1858 1134 1469 1315 1633 1405 1030 2000 1842 1940 1938 1393 1473 1347 1971 1029 1533 1336 1753 1330 1498 1489 1900 1486 1482 1100 1219 1013 1912 1944 1239 1710 1137 1775 1697 1276 1840 1725 1254 1480 1636 1156 1073 1548 1530 1867 1465 1542 1622 1494 1421 1513 1535 2000 1448 1526 1059 1939 1852 1117 1979 1151 1560 1046 1010 1501 1310 1693 1252 1635 1171 1784 1843 1364 1209 BCNSPRNW ULIB Ver.6.0+V

เปลี่ยนเป็นภาษาไทย

Change to English
 แสดงรายละเอียดบรรณานุกรม
  กลับหน้าหลัก

Brief Record : Get Marc (ISO 2709) : E-mail record : QR code < ปิดหน้าต่าง
LEADER : 00000nam 2200000uu 4500
001    13399111933
003     ULIB
008    110712s2549||||th 000 0 tha d
020    9743236716
050  4 E860^bว888ด 2549
100 1  วู๊ดเวิร์ด, บ๊อบ
245 10 ดีพโทรต บุรุษแห่งวอเตอร์เกต =^bThe story of Watergate s Deep Throat /^cBob Woodward ; โรจนา นาเจริญ,แปลและเรียบเรียง
246 31 The story of Watergate s Deep Throat
250    พิมพ์ครั้งที่ 1
260    กรุงเทพฯ :^bสำนักพิมพ์มติชน,^c2549
300    215 หน้า :^bภาพประกอบ ;^c22 ซม.
600 10 เฟลท์, ดับบลิว. มาร์ค,^d1913
650  4 คดีวอเตอร์เกต,1972-1974
650  4 สหรัฐอเมริกา^xการเมืองและการปกครอง
700 0  โรจนา นาเจริญ,^eผู้แปล
945    ^p155^l0^i019611
995    ทศพร
999 ^a ใช้งานได้ทุกระบบ
รายการนี้ยังไม่มีแท็ก
คุณยังไม่ได้ล็อกอิน คุณสามารถมีกิจกรรมร่วมกับเว็บไซต์ได้ แต่ต้องล็อกอินก่อน ::
  ล็อกอิน

รายการสื่อสารสนเทศ

ลำดับที่ ประเภท เลขเรียก/บาร์โค้ด สถานที่ สถานะ
- ไม่พบข้อมูล -

BibComment


ยังไม่เคยถูกคอมเมนท์

คอมเมนท์ทรัพยากรรายการนี้
  คอมเมนท์: ดีพโทรต บุรุษแห่ง..


 Copyright 2026. Bcnsprnw @Library